01118 2200193 4500245005200000020001800052250001200070100001800082700002200100700001800122650004300140005001900183260004200202041001400244084000800258300002300266500062600289336000900915 aHarry Potter dan Piala ApicJ. K. RowlinghText a9786020342726 aCet. 28 aJ. K. Rowling aListiana Srisanti aMala Suhendra aNovel Inggris (dalam Bahasa Indonesia) a20250305100718 aJakartabGramedia Pustaka Utamac2024 aIndonesia a823 a896 hlm. :c20 cm. aDi Hogwarts, Profesor Dumbledore mengumumkan bahwa Alastor "Mad-Eye" Moody menjadi guru Pertahanan Terhadap Ilmu Hitam yang baru. Hogwarts akan menjadi tuan rumah Turnamen Triwizard. Hanya para penyihir berusia tujuh belas tahun ke atas yang boleh ikut—namun Harry tetap berkhayal menjadi juara dalam kompetisi itu.Lalu pada Halloween, ketika Piala Api melakukan seleksi, Harry kaget saat dirinya terpilih. Dia harus melaksanakan tugas-tugas yang menantang maut, menghadapi naga-naga dan para penyihir Hitam. Tetapi, dengan bantuan para sahabat baiknya, Ron dan Hermione, dia mungkin akan berhasil—dan bertahan hidup. atext